| 000 | 03286cam a22012374i 4500 | ||
|---|---|---|---|
| 003 | PE-LiUPU | ||
| 005 | 20250813185429.0 | ||
| 008 | 190403s2015 sp rb 000 0 spa d | ||
| 020 | _a8415227736 | ||
| 020 | _a9788415227731 | ||
| 035 | _a(Sirsi) a252040 | ||
| 040 |
_aPE-LiUPU _bspa _cPE-LiUPU _erda |
||
| 049 | _aPRUA | ||
| 082 | 0 | 4 |
_a303.483 _bA2 _c23 |
| 245 | 0 | 0 |
_aAdicción a las nuevas tecnologías : _b¿la epidemia del S. XXI? / _cSusana Jiménez-Murcia, Josep María Farré Martí, coordinadores. |
| 264 | 1 |
_a[Madrid?] : _bSiglantana, _c2015. |
|
| 300 |
_a205 páginas ; _c24 centímetros |
||
| 336 |
_atext _2rdacontent |
||
| 337 |
_aunmediated _2rdamedia |
||
| 338 |
_avolume _2rdacarrier |
||
| 504 | _aBibliografía: páginas 185-198. | ||
| 505 | 0 | _aTecnologías "buenas" y "malas" -- ¿demasiado amigos? -- juegos y nuevas tecnologías -- historias de pacientes, reflexiones de terapeutas -- la nueva "cultura de dormitorio" -- todo al alcance de una tecla -- más allá de las llamadas -- ¿pasión en la red o por la red? -- ¿un futuro lleno de peligros?. | |
| 526 | _aP202 | ||
| 526 | _aP201 | ||
| 526 | _aP163 | ||
| 526 | _aP162 | ||
| 526 | _aP161 | ||
| 526 | _aP160 | ||
| 526 | _aP148 | ||
| 526 | _aP147 | ||
| 526 | _aP146 | ||
| 526 | _aP145 | ||
| 526 | _aP144 | ||
| 526 | _aP143 | ||
| 526 | _aP142 | ||
| 526 | _aP141 | ||
| 526 | _aP140 | ||
| 526 | _aP139 | ||
| 526 | _aP138 | ||
| 526 | _aP137 | ||
| 526 | _aP136 | ||
| 526 | _aP135 | ||
| 526 | _aP134 | ||
| 526 | _aP133 | ||
| 526 | _aP129 | ||
| 526 | _aP128 | ||
| 526 | _aP127 | ||
| 526 | _aP120 | ||
| 526 | _aP119 | ||
| 526 | _aP118 | ||
| 526 | _aP116 | ||
| 526 | _aP115 | ||
| 526 | _aP114 | ||
| 526 | _aP110 | ||
| 526 | _aP109 | ||
| 526 | _aP108 | ||
| 526 | _aP104 | ||
| 526 | _aP103 | ||
| 526 | _aP102 | ||
| 526 | _aP99 | ||
| 526 | _aP98 | ||
| 526 | _aP97 | ||
| 526 | _aP96 | ||
| 526 | _aP95 | ||
| 526 | _aP93 | ||
| 526 | _aP90 | ||
| 526 | _aP89 | ||
| 526 | _aP88 | ||
| 526 | _aP83 | ||
| 526 | _aP82 | ||
| 526 | _aP62 | ||
| 526 | _aP59 | ||
| 526 | _aP58 | ||
| 526 | _aP57 | ||
| 526 | _aP51 | ||
| 526 | _aP49 | ||
| 526 | _aP48 | ||
| 526 | _aP47 | ||
| 526 | _aP29 | ||
| 526 | _aP24 | ||
| 526 | _aP20 | ||
| 526 | _aP19 | ||
| 526 | _aP17 | ||
| 526 | _aP15 | ||
| 526 | _aP14 | ||
| 526 | _aP12 | ||
| 526 | _aP10 | ||
| 526 | _aP09 | ||
| 526 | _aP08 | ||
| 526 | _aP07 | ||
| 526 | _aP06 | ||
| 526 | _aP05 | ||
| 526 | _aP04 | ||
| 526 | _aP01 | ||
| 541 | _g003; | ||
| 650 | 1 | 4 | _aAdicción a Internet. |
| 650 | 2 | 4 |
_aRedes sociales _xAspectos psicológicos. |
| 650 | 2 | 4 |
_aInnovaciones tecnológicas _xAspectos psicológicos.. |
| 700 | 1 |
_aJiménez Murcia, Susana, _ecoordinador. |
|
| 700 | 1 |
_aFarré Martí, Josep María, _ecoordinador. |
|
| 910 |
_adbm _bksl _cksl _d20190403 |
||
| 942 |
_2ddc _cBOOK |
||
| 994 |
_aC0 _bPEPRU |
||
| 596 | _a1 | ||
| 999 |
_a303.483 A2 _wDEWEY _c31299 _i80073 _f2021-11-4 _g3 _lCCODEBUL1 _mBUL _p18.13 _r0 _sY _tBOOK _u2019-4-3 _xBIBLIOTECA _PP83 _0COMPRA _1FCOMPR2 _o.STAFF. Colección Ciencias de la Salud _d31299 |
||
| 980 |
_81 _gALBERTO SANCHEZ Responsable de Automatización |
||